000
00274nam a2200109Ia 4500
008
230907s9999||||xx |||||||||||||| ||und||
082
_a
537
_b
FEY
245
4
_a
The Feynman lectures on physics :
260
_a
Person,
_b
Noida :
_c
2019
300
_a
various pages.
942
_c
BK
999
_c
598886
_d
598886